000 00623nam a2200205Ia 4500
005 20250508164651.0
008 008 250505s9999 xx 000 0 eng d
037 _aTextual
040 _aFEDL
_beng
_cFEDL
041 _aeng
_2eng
084 _a303.44, KHA
_qFEDL
100 _aKhalakdina Margaret
245 0 _aHuman development in the Indian context: A socio-cultural focus. Vol 1
260 _aNew Delhi, India
_bSage Publications India Pvt. Ltd.
_c2008
300 _axxvii,371p.
365 _aINR
_b850
650 _aSocial conditions
942 _cTEXL
_h303.44, KHA
999 _c1390437
_d1390437